000 00997nam a2200241 a 4500
001 000021087
005 20200930011230.0
008 100830s2005 sp r 000 p spa d
020 _a849224786x
040 _aDO-SdBNP
_bspa
_cBNPHU
082 _a868.64
_bP925c
245 0 0 _aPremios del Certamen "Jara Carrillo", 2003-2005 :
_bobras ganadoras en las dos últimas ediciones del Certamen Internacional de Poesía y Cuento de Humor "Jara Carrillo" /
_cprólogo de Juan Carlos Suñen.
260 _aMurcia, España :
_bAyuntamiento de Alcantarilla,
_c2005.
300 _a318 p. :
_bretrs. ;
_c20 cm.
490 1 _aPremios del Certamen "Jara Carrillo"
_v8
500 _aIncluye notas al pie de las páginas.
650 4 _aAutores españoles
_ySIGLO XX
_xBiografías
_915862
650 4 _aPoesía española
_9631
650 4 _aLiteratos españolas
_xBiografías
_944100
700 1 _aSuñen, Juan Carlos,
_epról.
_944101
830 0 _aPremios del Certamen "Jara Carrillo" ;
_v8
_944102
049 _aBNGR
999 _c20589
_d20589